000 00662nam a2200229Ia 4500
003 OSt
005 20221007074155.0
006 a|||||r|||| 00| 0
007 ta
008 221006b |||||||| |||| 00| 0 eng d
024 _a25,435
037 _cTextual
040 _aFLL
_cFLL
_beng
041 _2eng
_aeng
082 _aV2:25:9z, J5 1
100 _aAiyar Alladi Krishnaswami
_9692643
245 0 _aConstition and fundamental rights
260 _aMadras
_bthe Srinivasa Sastri Institute of Politics India
_c1955
300 _axiv,80p
_ccm.
942 _hV2:25:9z, J5 1
_cTEXL
_2CC
999 _c1151428
_d1151428